| 000 | 01317nam a2200217Ia 4500 | ||
|---|---|---|---|
| 001 | 10389 | ||
| 003 | GE_BSU | ||
| 008 | 181216s||||||||xx |||||||||||||| ||und|| | ||
| 020 | _a9789992847268 | ||
| 040 | _cGE_BSU | ||
| 080 | _a821.353.1+821.353.1-32 | ||
| 245 | _aქართული მწერლობა 40 ტომად. ტ.25. სოფრომ მგალობლიშვილი,ეკატერინე გაბაშვილი,დიმიტრი მაჩხანელი | ||
| 245 | _cშემდგ.ა.ბაქრაძე.რ.თვარაძე.სარედ.კოლ.ა.ბაქრაძე და სხვ.ტომის შემდგ.მანანა ბარათაშვილი,ნანა ზღულაძე.ტომის რედ. მანანა ბარათაშვილი.მხატვ.გურამ ღლონტი | ||
| 260 | _aთბილისი | ||
| 260 | _bნაკადული | ||
| 260 | _c2006 | ||
| 300 | _a639გვ.20სმ. | ||
| 520 | _aტომეული თავდაპირველად გამოდიოდა 30ტომად.2007 წლის შემდეგ გამოდის 40 ტომად | ||
| 653 | _aქართული მწერლობა | ||
| 942 | _cBK | ||
| 999 |
_c43650 _d43650 |
||